<?xml version="1.0" encoding="UTF-8"?>
<record
    xmlns:xsi="http://www.w3.org/2001/XMLSchema-instance"
    xsi:schemaLocation="http://www.loc.gov/MARC21/slim http://www.loc.gov/standards/marcxml/schema/MARC21slim.xsd"
    xmlns="http://www.loc.gov/MARC21/slim">

  <leader>01529    a2200181   4500</leader>
  <controlfield tag="003">NUST</controlfield>
  <controlfield tag="005">20230126190619.0</controlfield>
  <datafield tag="040" ind1=" " ind2=" ">
    <subfield code="c">Nust</subfield>
  </datafield>
  <datafield tag="082" ind1=" " ind2=" ">
    <subfield code="a">901.22,SPE</subfield>
  </datafield>
  <datafield tag="100" ind1=" " ind2=" ">
    <subfield code="a">Spengler, Oswald</subfield>
    <subfield code="9">17882</subfield>
  </datafield>
  <datafield tag="245" ind1=" " ind2=" ">
    <subfield code="a">The decline of the West:</subfield>
    <subfield code="b">an abridged edition /</subfield>
    <subfield code="c">edition by Helmut Werner  Arthur Helps from the translation by Charles Francis Atkinson.</subfield>
  </datafield>
  <datafield tag="260" ind1=" " ind2=" ">
    <subfield code="a">Islamabad</subfield>
    <subfield code="b">National Book Foundation</subfield>
  </datafield>
  <datafield tag="300" ind1=" " ind2=" ">
    <subfield code="a">414 p.;</subfield>
  </datafield>
  <datafield tag="505" ind1=" " ind2=" ">
    <subfield code="a">Introduction (Page-3), The Meaning of Numbers (Page-41), The Problem of World-History (Page-70), Makrokosmos The Symbolism of the world-picture and the Space-problem (Page-87), Makrokosmos: Apollinian Faustian and Magian Soul (Page-97), Music and Plastic the Arts of Form (Page-115), Music and Plastic Act and Portrait (Page-135), Soul-Image and Life-Feeling on the form of the Soul (Page-159), Soul Image and Life-Feeling Buddhism Stoicism Socialism (Page-176), Faustian and Appollinian Nature Knowledge (Page-188), Faustian and Appollinian Nature Knowledge (Page-188), Origin and landscape (Page-226), Origin and Landscape (Page-230), Cities and Peoples (Page-245), Problems of the Arabian Culture Historic Pseudomorphoses (Page-268), Problems of the Arabian Culturre (Page-299), The State the problem (Page-354), State and History (Page-360), Philosophy of politics (Page-382), The Form World of Economic Life (Page-398), The Form World of Economic Life (Page-409).  </subfield>
  </datafield>
  <datafield tag="600" ind1=" " ind2=" ">
    <subfield code="a"> Helmut Werner</subfield>
    <subfield code="9">6589</subfield>
  </datafield>
  <datafield tag="650" ind1=" " ind2=" ">
    <subfield code="a">The decline of the West</subfield>
    <subfield code="9">107832</subfield>
  </datafield>
  <datafield tag="942" ind1=" " ind2=" ">
    <subfield code="2">ddc</subfield>
    <subfield code="c">BK</subfield>
    <subfield code="k">901.22,SPE</subfield>
  </datafield>
  <datafield tag="999" ind1=" " ind2=" ">
    <subfield code="c">178819</subfield>
    <subfield code="d">178819</subfield>
  </datafield>
  <datafield tag="952" ind1=" " ind2=" ">
    <subfield code="0">0</subfield>
    <subfield code="1">0</subfield>
    <subfield code="2">ddc</subfield>
    <subfield code="4">0</subfield>
    <subfield code="7">0</subfield>
    <subfield code="a">MCS</subfield>
    <subfield code="b">MCS</subfield>
    <subfield code="c">GEN</subfield>
    <subfield code="d">2016-12-12</subfield>
    <subfield code="o">901.22,SPE</subfield>
    <subfield code="p">MCS34319</subfield>
    <subfield code="r">2016-12-08</subfield>
    <subfield code="w">2016-12-12</subfield>
    <subfield code="y">BK</subfield>
    <subfield code="z">Almirah No.58, Shelf No.3</subfield>
  </datafield>
  <datafield tag="952" ind1=" " ind2=" ">
    <subfield code="0">0</subfield>
    <subfield code="1">0</subfield>
    <subfield code="2">ddc</subfield>
    <subfield code="4">0</subfield>
    <subfield code="7">0</subfield>
    <subfield code="a">MCS</subfield>
    <subfield code="b">MCS</subfield>
    <subfield code="c">GEN</subfield>
    <subfield code="d">2016-12-12</subfield>
    <subfield code="o">901.22,SPE</subfield>
    <subfield code="p">MCS34320</subfield>
    <subfield code="r">2016-12-08</subfield>
    <subfield code="w">2016-12-12</subfield>
    <subfield code="y">BK</subfield>
    <subfield code="z">Almirah No.75, Shelf No.4</subfield>
  </datafield>
</record>
